[Event "Helsingor Xtracon op"]
[Site "Helsingor"]
[Date "2018.07.22"]
[Round "2"]
[White "Joensen, Sigurd"]
[Black "Pedersen, Lars Wisler"]
[Result "0-1"]
[WhiteElo "1515"]
[BlackElo "1856"]
[PlyCount "96"]
[EventDate "2018.07.21"]
[EventType "swiss"]
[EventRounds "10"]
[EventCountry "DEN"]
[SourceTitle "CBM 185 Extra"]
[Source "ChessBase"]
[SourceDate "2018.07.29"]
[SourceVersion "1"]
[SourceVersionDate "2018.07.29"]
[SourceQuality "1"]

1. e4 c5 2. Nf3 Nc6 3. c3 d5 4. exd5 Qxd5 5. d3 Bg4 6. Be2 Nf6 7. h3 Bh5 8. Be3 e5 9. 0-0 Be7 10. Ne1 Bxe2 11. Qxe2 0-0 12. Nd2 Rad8 13. c4 Qd6 14. a3 Nd4 15. Bxd4 exd4 16. Ne4 Nxe4 17. Qxe4 b6 18. Nf3 Bf6 19. Rfe1 Qd7 20. Qf4 Rde8 21. Kf1 Bd8 22. b3 Bc7 23. Qd2 Qf5 24. a4 Bf4 25. Qc2 g5 26. Rxe8 Rxe8 27. Re1 Rxe1+ 28. Kxe1 g4 29. Ng1 h5 30. Qe2 Bh2 31. hxg4 hxg4 32. Kf1 Qg5 33. Qd1 f5 34. g3 f4 35. Kg2 Bxg1 36. Kxg1 f3 37. Qe1 Qg6 38. Kh1 Kf7 39. Qe5 Qxd3 40. Qf4+ Ke7 41. Qg5+ Ke8 42. Qg8+ Ke7 43. Qg7+ Kd8 44. Qf8+ Kc7 45. Qe7+ Kb8 46. Qd8+ Kb7 47. Qd7+ Ka6 48. Qc8+ Ka5 0-1

[Event "Helsingor Xtracon op"]
[Site "Helsingor"]
[Date "2017.07.27"]
[Round "7"]
[White "Dittrich, Hans Georg"]
[Black "Joensen, Sigurd"]
[Result "1-0"]
[WhiteElo "1742"]
[BlackElo "1567"]
[PlyCount "59"]
[EventDate "2017.07.22"]
[EventType "swiss"]
[EventRounds "10"]
[EventCountry "DEN"]
[SourceTitle "CBM 179 Extra"]
[Source "ChessBase"]
[SourceDate "2017.08.23"]
[SourceVersion "1"]
[SourceVersionDate "2017.08.23"]
[SourceQuality "1"]

1. e4 e5 2. Nf3 Nc6 3. Bc4 Nf6 4. d3 h6 5. c3 d6 6. Bb3 Bg4 7. Nbd2 Be7 8. Nf1 Qd7 9. Ne3 Bh5 10. Nf5 0-0 11. h3 Bg6 12. N3h4 Bh7 13. Qf3 Ne8 14. Qg4 Kh8 15. Be3 Bxh4 16. Nxh4 Qxg4 17. hxg4 f6 18. Nf5 Bxf5 19. gxf5 Ne7 20. 0-0-0 c6 21. Bxh6 gxh6 22. Rxh6+ Kg7 23. Rdh1 d5 24. c4 Rd8 25. cxd5 cxd5 26. exd5 Nxd5 27. Rg6+ Kf7 28. Rh7+ Ng7 29. Rgxg7+ Ke8 30. Ba4+ 1-0

[Event "FAI-chT2 1617"]
[Site "Faroe Islands"]
[Date "2017.03.05"]
[Round "9.4"]
[White "Joensen, Ingi Wiberg"]
[Black "Joensen, Sigurd"]
[Result "1-0"]
[WhiteElo "1712"]
[BlackElo "1633"]
[PlyCount "59"]
[EventDate "2016.10.23"]
[EventType "team-tourn"]
[EventRounds "10"]
[EventCountry "FAI"]
[SourceTitle "EXT 2020"]
[Source "ChessBase"]
[SourceDate "2019.10.17"]
[SourceVersion "1"]
[SourceVersionDate "2019.10.17"]
[SourceQuality "1"]
[WhiteTeam "Sandavagur II"]
[BlackTeam "Toftir"]
[WhiteTeamCountry "FAI"]
[BlackTeamCountry "FAI"]

1. e4 e5 2. Nf3 d6 3. Bc4 Nf6 4. Nc3 Bg4 5. d3 h6 6. h3 Bh5 7. Be3 a6 8. g4 Bg6 9. Qd2 Be7 10. 0-0-0 Nc6 11. Rdg1 Na5 12. Bb3 Nxb3+ 13. axb3 c6 14. Nh4 Nxe4 15. Nxe4 Bxh4 16. g5 Bxe4 17. dxe4 Bxg5 18. Bxg5 hxg5 19. Rxg5 Rg8 20. Rhg1 g6 21. h4 Qf6 22. Rf5 Qe6 23. Qg5 Kd7 24. Rf6 Qe7 25. Rd1 d5 26. exd5 c5 27. d6 Qe8 28. Rd5 Rh8 29. Rxe5 Rh5 30. Qg4+ 1-0

[Event "FAI-chT2 1617"]
[Site "Faroe Islands"]
[Date "2017.02.26"]
[Round "8.4"]
[White "Joensen, Sigurd"]
[Black "Skuvadal, Frodi"]
[Result "1-0"]
[WhiteElo "1633"]
[BlackElo "1696"]
[PlyCount "77"]
[EventDate "2016.10.23"]
[EventType "team-tourn"]
[EventRounds "10"]
[EventCountry "FAI"]
[SourceTitle "EXT 2020"]
[Source "ChessBase"]
[SourceDate "2019.10.17"]
[SourceVersion "1"]
[SourceVersionDate "2019.10.17"]
[SourceQuality "1"]
[WhiteTeam "Toftir"]
[BlackTeam "Vestmanna"]
[WhiteTeamCountry "FAI"]
[BlackTeamCountry "FAI"]

1. e4 c5 2. d3 Nc6 3. c3 g6 4. Nf3 Bg7 5. Be3 b6 6. h3 Bb7 7. Nbd2 d5 8. exd5 Qxd5 9. Bf4 Nf6 10. Be2 0-0 11. Nc4 Rad8 12. Ne3 Qd7 13. Qc2 Nd5 14. Bh2 Nxe3 15. fxe3 Rfe8 16. 0-0 e6 17. Rad1 f5 18. d4 Qe7 19. Kh1 Kh8 20. Bd3 e5 21. Bc4 cxd4 22. exd4 e4 23. Rde1 Na5 24. Bb5 Rf8 25. Ne5 Qe6 26. Qa4 a6 27. Bc4 Nxc4 28. Qxc4 Qxc4 29. Nxc4 b5 30. Ne5 f4 31. Bxf4 Rde8 32. Kg1 Kg8 33. Nd7 Rf5 34. Nc5 Bd5 35. a3 Bc4 36. Rf2 Bd5 37. Nxa6 Rxf4 38. Rxf4 e3 39. Nc7 1-0

[Event "Helsingor Xtracon op"]
[Site "Helsingor"]
[Date "2016.07.30"]
[Round "9"]
[White "Joensen, Sigurd"]
[Black "Rose, Dennis Lauge"]
[Result "0-1"]
[WhiteElo "1615"]
[BlackElo "1814"]
[PlyCount "44"]
[EventDate "2016.07.23"]
[EventType "swiss"]
[EventRounds "10"]
[EventCountry "DEN"]
[SourceTitle "CBM 173 Extra"]
[Source "ChessBase"]
[SourceDate "2016.08.29"]
[SourceVersion "1"]
[SourceVersionDate "2016.08.29"]
[SourceQuality "1"]

1. e4 c5 2. Nc3 d6 3. h3 Nc6 4. Nf3 e5 5. Bb5 Bd7 6. d3 a6 7. Bxc6 Bxc6 8. 0-0 Be7 9. a3 Nf6 10. Bg5 Nd7 11. Qd2 0-0 12. Bxe7 Qxe7 13. Rad1 f5 14. Qg5 Qe6 15. Nh4 f4 16. Nf5 Rf7 17. h4 Kh8 18. h5 Rg8 19. h6 gxh6 20. Qxh6 Rf6 21. Qh4 Rxf5 22. exf5 Rxg2+ 0-1

[Event "Helsingor Xtracon op"]
[Site "Helsingor"]
[Date "2016.07.26"]
[Round "5"]
[White "Nielsen, Jan Mose"]
[Black "Joensen, Sigurd"]
[Result "1-0"]
[WhiteElo "2110"]
[BlackElo "1615"]
[PlyCount "71"]
[EventDate "2016.07.23"]
[EventType "swiss"]
[EventRounds "10"]
[EventCountry "DEN"]
[SourceTitle "CBM 173 Extra"]
[Source "ChessBase"]
[SourceDate "2016.08.29"]
[SourceVersion "1"]
[SourceVersionDate "2016.08.29"]
[SourceQuality "1"]

1. d4 d5 2. Nf3 Nc6 3. c3 Nf6 4. Bg5 e6 5. Nbd2 Be7 6. Bxf6 Bxf6 7. e4 0-0 8. Bd3 a6 9. h4 e5 10. exd5 Qxd5 11. Ne4 Bd8 12. dxe5 Nxe5 13. Nf6+ Bxf6 14. Bxh7+ Kxh7 15. Ng5+ Kg8 16. Qxd5 c6 17. Qe4 g6 18. 0-0 Bf5 19. Qb4 b5 20. a4 a5 21. Qc5 b4 22. cxb4 axb4 23. a5 Nd3 24. Qxc6 Bxb2 25. Ra4 Bc3 26. a6 Rac8 27. Qf3 Nc5 28. Ra5 Nb3 29. Rxf5 Nd4 30. Qb7 Rb8 31. Rxf7 Rxb7 32. Rxb7 Ra8 33. Rb6 Kg7 34. f4 b3 35. Rb7+ Kh6 36. Rh7# 1-0

[Event "FAI-chT3 1516"]
[Site "Faroe Islands"]
[Date "2015.11.29"]
[Round "3.3"]
[White "Nielsen, Jon I Horni"]
[Black "Joensen, Sigurd"]
[Result "0-1"]
[WhiteElo "1251"]
[BlackElo "1650"]
[PlyCount "82"]
[EventDate "2015.10.31"]
[EventType "team-tourn"]
[EventRounds "7"]
[EventCountry "FAI"]
[SourceTitle "EXT 2017"]
[Source "ChessBase"]
[SourceDate "2016.10.25"]
[SourceVersion "1"]
[SourceVersionDate "2016.10.25"]
[SourceQuality "1"]
[WhiteTeam "Sandavagur V"]
[BlackTeam "Toftir II"]
[WhiteTeamCountry "FAI"]
[BlackTeamCountry "FAI"]

1. e4 e5 2. Nf3 d6 3. Nc3 Bg4 4. d3 Nf6 5. Be3 Be7 6. Be2 0-0 7. 0-0 Nc6 8. Qd2 a6 9. h3 Bxf3 10. Bxf3 h6 11. Ne2 Nh7 12. Ng3 Bg5 13. Nf5 Bxe3 14. fxe3 Ng5 15. Kh1 Kh7 16. Rf2 g6 17. Ng3 Qd7 18. Bg4 Qe7 19. Raf1 h5 20. Bd1 Qd7 21. Kh2 h4 22. Bg4 hxg3+ 23. Kxg3 Qe7 24. h4 Ne6 25. Rf3 Rae8 26. Rf6 Ng7 27. d4 exd4 28. Qe2 Qe5+ 29. Kh3 Qxe4 30. Kh2 Qxe3 31. Qd1 Ne5 32. h5 Nxg4+ 33. Qxg4 Qe5+ 34. Kg1 Qxh5 35. Qd7 Qd5 36. Rxf7 Rxf7 37. Rxf7 Re1+ 38. Kh2 Qe5+ 39. Kh3 Re3+ 40. Kg4 Rg3+ 41. Kh4 Qg5# 0-1

[Event "FAI-chT3 1213"]
[Site "Faroe Islands"]
[Date "2013.01.19"]
[Round "4.4"]
[White "Vormadal, Runi E"]
[Black "Joensen, Sigurd"]
[Result "1/2-1/2"]
[WhiteElo "1518"]
[BlackElo "1248"]
[PlyCount "103"]
[EventDate "2012.10.28"]
[EventType "team-tourn"]
[EventRounds "7"]
[EventCountry "FAI"]
[SourceTitle "EXT 2014"]
[Source "ChessBase"]
[SourceDate "2013.11.20"]
[SourceVersion "1"]
[SourceVersionDate "2013.11.20"]
[SourceQuality "1"]
[WhiteTeam "Vestmanna II"]
[BlackTeam "Toftir II"]
[WhiteTeamCountry "FAI"]
[BlackTeamCountry "FAI"]

1. e4 e5 2. Nf3 d6 3. Nc3 Nf6 4. Bc4 Bg4 5. h3 Bh5 6. d3 Be7 7. Be3 0-0 8. Qd2 Bxf3 9. gxf3 Nh5 10. Nd5 Kh8 11. f4 Nxf4 12. Nxf4 exf4 13. Bxf4 Nc6 14. 0-0-0 Nd4 15. c3 Ne6 16. Be3 Bg5 17. f4 Bh6 18. Rdg1 c6 19. f5 Bxe3 20. Qxe3 Nc7 21. Qg3 Qf6 22. Rh2 Ne8 23. h4 Rd8 24. Qg5 Qxg5+ 25. hxg5 d5 26. Rgh1 h6 27. gxh6 dxc4 28. hxg7+ Kxg7 29. e5 Rg8 30. Rh7+ Kf8 31. e6 Ng7 32. Rg1 fxe6 33. fxe6 Nxe6 34. Rf1+ Ke8 35. Rff7 Rg1+ 36. Kd2 Rxd3+ 37. Ke2 Rg6 38. Rxb7 Rg2+ 39. Kf1 Rc2 40. Rbe7+ Kd8 41. Rxe6 Rd1+ 42. Re1 Rxe1+ 43. Kxe1 Rxb2 44. Rxa7 Rc2 45. Ra3 Kd7 46. Kd1 Rg2 47. Ra5 Kc7 48. a4 Kb6 49. Ra8 Ra2 50. Kc1 Kb7 51. Ra5 Kb6 52. Ra8 1/2-1/2